1679 1764 1365 1928 1103 1811 1231 1405 1186 1736 1291 1647 1502 1474 1951 1383 1869 1591 1821 1899 1676 1588 1571 1266 1146 1928 1806 1595 1795 1343 1800 1375 1872 1903 1483 1617 1512 1067 1197 1839 1334 1781 1341 1447 1444 1882 1516 1914 1221 1080 1618 1865 1903 1212 1264 1443 1818 1739 1599 1295 1977 1287 1434 1881 1016 1360 1660 1765 1156 1662 1027 1020 1328 1005 1946 1970 1478 1415 1457 1567 1257 1107 1152 1479 1849 1730 1246 1722 1508 1502 1027 1375 1728 1418 1085 1658 1913 1258 1637 BCNSPRNW ULIB Ver.6.0+V

เปลี่ยนเป็นภาษาไทย

Change to English
 แสดงรายละเอียดบรรณานุกรม
  กลับหน้าหลัก

Brief Record : Get Marc (ISO 2709) : E-mail record : QR code < ปิดหน้าต่าง
LEADER : 00000nam 2200000uu 4500
001    13399125062
003     ULIB
008    160609s2558||||th 000 0 tha d
020    ^a9786163746566
060 04 ^aWS270^bร812 ล.2
245 00 ^aโรคข้อสะโพกและขาในเด็ก.^nเล่ม 2/^cไพรัช ประสงค์จีน ...และคณะ
250    ^aพิมพ์ครั้งที่ 1
260    ^aกรุงเทพฯ :^bภาควิชาออร์โธปิดิกส์ คณะแพทยศาสตร์ จุฬาลงกรณ์มหาวิทยาลัย,^c2558
300    ^a976 หน้า, 2 เล่ม :^bภาพประกอบ ;^c26 ซม.
500    ^aกุมารเวชศาสตร์
505 0  ^a6.Legg-Calve-Perthes Disease--7.Slipped Capital Femoral Epiphysis--8.Osteomyelitis--9.Septic Arthritis--10.Spinal Infection
650  2 ^aJoint Diseases^xin infancy & childhood
650  4 ^aข้อ, โรค
650  4 ^aข้อ, โรค^xในวัยทารก & วัยเด็ก
650  4 ^aขา
650  4 ^aสะโพก
700 0  ^aไพรัช ประสงค์จีน
710 2  ^aจุฬาลงกรณ์มหาวิทยาลัย.^bคณะแพทยศาสตร์.^bภาควิชาออร์โธปิดิกส์
945    ^p850^l0^i001217
999    ^aเกษร โพธิ์สุวรรณ
รายการนี้ยังไม่มีแท็ก
คุณยังไม่ได้ล็อกอิน คุณสามารถมีกิจกรรมร่วมกับเว็บไซต์ได้ แต่ต้องล็อกอินก่อน ::
  ล็อกอิน

รายการสื่อสารสนเทศ

ลำดับที่ ประเภท เลขเรียก/บาร์โค้ด สถานที่ สถานะ
1. วิทยาศาสตร์การแพทย์ และสุขภาพ
วิทยาศาสตร์การแพทย์ และสุขภาพ
สถานะ=หนังสือเก่า
WS270 ร812 ล.2 ฉ.1 
  Barcode: 001217
ห้องสมุดวิทยาเขตสวรรค์ประชารักษ์
►ส่วนจัดเก็บหนังสือเก่า สปร
บนชั้น
  ขอยืม

รายการใกล้เคียง
    หัวเรื่อง [ข้อ, โรค]
    หัวเรื่อง [ขา]
    หัวเรื่อง [สะโพก]

BibComment


ยังไม่เคยถูกคอมเมนท์

คอมเมนท์ทรัพยากรรายการนี้
  คอมเมนท์: โรคข้อสะโพกและขา..


 Copyright 2026. Bcnsprnw @Library